LEADER 02432nam0 22004933i 450 001 RAV0274971 005 20251003044328.0 010 $a8815054618 020 $aIT$b97-7794 100 $a19960708d1996 ||||0itac50 ba 101 | $aita 102 $ait 181 1$6z01$ai $bxxxe 182 1$6z01$an 183 1$6z01$anc$2RDAcarrier 200 1 $aUtenti e pubblica amministrazione$fa cura di Giovanni Barbieri e Vincenzo Lo Moro 210 $aBologna$cIl mulino$d1996 215 $a332 p.$d22 cm 225 | $aOrganizzazione e funzionamento della pubblica amministrazione$v75 410 0$1001CFI0167920$12001 $aOrganizzazione e funzionamento della pubblica amministrazione$v75 606 $aAmministrazione pubblica$xServizi$xInchieste$2FIR$3CFIC081742$9I 676 $a350$9AMMINISTRAZIONE PUBBLICA E SCIENZA MILITARE$v14 676 $a350.000945$9AMMINISTRAZIONE PUBBLICA E SCIENZA MILITARE. ITALIA$v20 676 $a350.0076$9$v21 676 $a350.00760945$9AMMINISTRAZIONE PUBBLICA. VALUTAZIONE E RAPPORTI. ITALIA$v21 676 $a351.0076$9AMMINISTRAZIONI CENTRALI. Valutazione e rapporti$v20 676 $a352.3570945$9AMMINISTRAZIONE PUBBLICA. CONTROLLO DI QUALITA'. ITALIA$v21 676 $a363.6$9$v21 696 $aPubblica amministrazione$aOrgani della pubblica amministrazione$aOrgani ordinari 699 $aAmministrazione pubblica$yPubblica amministrazione 699 $aAmministrazione pubblica$yOrgani della pubblica amministrazione 699 $aAmministrazione pubblica$zOrgani ordinari 702 1$aBarbieri$b, Giovanni A.$3ISTV022554 702 1$aLo Moro$b, Vincenzo$3MILV075832 790 1$aBarbieri$b, Giovanni Alfredo$3CFIV335088$zBarbieri, Giovanni A. 790 1$aBarbieri$b, Giovanni$3CFIV335089$zBarbieri, Giovanni A. 801 3$aIT$bIT-000000$c19960708 850 $aIT-BN0095 901 $bNAP 01$cPOZZO LIB.$nVi sono collocati fondi di economia, periodici di ingegneria e scienze, periodici di economia e statistica e altri fondi comprendenti documenti di economia pervenuti in dono. 912 $aRAV0274971 950 0$aBiblioteca Centralizzata di Ateneo$c1 v.$d 01POZZO LIB.ECON MON 8257$e 0101 0000116545E VMA 1 v. (Precedente collocazione: GUERRAZZI B 1952)$fB $h20091230$i20091230 977 $a 01 996 $aUtenti e pubblica amministrazione$966416 997 $aUNISANNIO